<?xml version="1.0" encoding="UTF-8"?>
<record
    xmlns:xsi="http://www.w3.org/2001/XMLSchema-instance"
    xsi:schemaLocation="http://www.loc.gov/MARC21/slim http://www.loc.gov/standards/marcxml/schema/MARC21slim.xsd"
    xmlns="http://www.loc.gov/MARC21/slim">

  <leader>00518nam a22001937a 4500</leader>
  <controlfield tag="003">OSt</controlfield>
  <controlfield tag="005">20250812160105.0</controlfield>
  <controlfield tag="008">250811b        |||||||| |||| 00| 0 eng d</controlfield>
  <datafield tag="020" ind1=" " ind2=" ">
    <subfield code="a">9781111426941</subfield>
  </datafield>
  <datafield tag="040" ind1=" " ind2=" ">
    <subfield code="c">Chuka University LibraryE</subfield>
  </datafield>
  <datafield tag="082" ind1=" " ind2=" ">
    <subfield code="2">Eighth ED</subfield>
  </datafield>
  <datafield tag="100" ind1=" " ind2=" ">
    <subfield code="a">Dlabay R. Les and Burrow L. James </subfield>
    <subfield code="9">21172</subfield>
  </datafield>
  <datafield tag="245" ind1=" " ind2=" ">
    <subfield code="a">Principles of Business</subfield>
  </datafield>
  <datafield tag="250" ind1=" " ind2=" ">
    <subfield code="a">8th ed</subfield>
  </datafield>
  <datafield tag="260" ind1=" " ind2=" ">
    <subfield code="a">Mason,  USA</subfield>
    <subfield code="b">Cengage Learning</subfield>
    <subfield code="c">2012</subfield>
  </datafield>
  <datafield tag="300" ind1=" " ind2=" ">
    <subfield code="a">598 P.</subfield>
  </datafield>
  <datafield tag="650" ind1=" " ind2=" ">
    <subfield code="a">1.Business principles</subfield>
    <subfield code="9">21173</subfield>
  </datafield>
  <datafield tag="942" ind1=" " ind2=" ">
    <subfield code="2">lcc</subfield>
    <subfield code="c">BK</subfield>
    <subfield code="n">0</subfield>
  </datafield>
  <datafield tag="952" ind1=" " ind2=" ">
    <subfield code="0">0</subfield>
    <subfield code="1">0</subfield>
    <subfield code="2">lcc</subfield>
    <subfield code="4">0</subfield>
    <subfield code="7">0</subfield>
    <subfield code="8">LGL</subfield>
    <subfield code="a">CHK</subfield>
    <subfield code="b">CHG</subfield>
    <subfield code="c">GEN</subfield>
    <subfield code="d">2025-07-01</subfield>
    <subfield code="e">Donation from Books For Africa</subfield>
    <subfield code="g">62.48</subfield>
    <subfield code="l">0</subfield>
    <subfield code="o">HF 5356 .D53 2012 C.1</subfield>
    <subfield code="p">28386/2025</subfield>
    <subfield code="r">2025-08-11 16:49:51</subfield>
    <subfield code="t">1</subfield>
    <subfield code="w">2025-08-11</subfield>
    <subfield code="y">BK</subfield>
  </datafield>
  <datafield tag="952" ind1=" " ind2=" ">
    <subfield code="0">0</subfield>
    <subfield code="1">0</subfield>
    <subfield code="2">lcc</subfield>
    <subfield code="4">0</subfield>
    <subfield code="7">0</subfield>
    <subfield code="8">LGL</subfield>
    <subfield code="a">CHK</subfield>
    <subfield code="b">BSL</subfield>
    <subfield code="c">GEN</subfield>
    <subfield code="d">2025-07-01</subfield>
    <subfield code="e">Donation from Books For Africa</subfield>
    <subfield code="g">62.48</subfield>
    <subfield code="l">0</subfield>
    <subfield code="o">HF 5356 .D53 2012 C.2</subfield>
    <subfield code="p">28385/2025</subfield>
    <subfield code="r">2025-08-11 16:53:56</subfield>
    <subfield code="t">2</subfield>
    <subfield code="w">2025-08-11</subfield>
    <subfield code="y">BK</subfield>
  </datafield>
  <datafield tag="952" ind1=" " ind2=" ">
    <subfield code="0">0</subfield>
    <subfield code="1">0</subfield>
    <subfield code="2">lcc</subfield>
    <subfield code="4">0</subfield>
    <subfield code="7">0</subfield>
    <subfield code="8">LGL</subfield>
    <subfield code="a">CHK</subfield>
    <subfield code="b">BSL</subfield>
    <subfield code="c">GEN</subfield>
    <subfield code="d">2025-07-01</subfield>
    <subfield code="e">Donation from Books For Africa</subfield>
    <subfield code="g">62.48</subfield>
    <subfield code="l">0</subfield>
    <subfield code="o">HF 5356 .D53 2012 C.3</subfield>
    <subfield code="p">28381/2025</subfield>
    <subfield code="r">2025-08-11 16:56:44</subfield>
    <subfield code="t">3</subfield>
    <subfield code="w">2025-08-11</subfield>
    <subfield code="y">BK</subfield>
  </datafield>
  <datafield tag="952" ind1=" " ind2=" ">
    <subfield code="0">0</subfield>
    <subfield code="1">0</subfield>
    <subfield code="2">lcc</subfield>
    <subfield code="4">0</subfield>
    <subfield code="7">0</subfield>
    <subfield code="8">LGL</subfield>
    <subfield code="a">CHK</subfield>
    <subfield code="b">CHG</subfield>
    <subfield code="c">GEN</subfield>
    <subfield code="d">2025-07-01</subfield>
    <subfield code="e">Donation from Books For Africa</subfield>
    <subfield code="g">62.48</subfield>
    <subfield code="l">0</subfield>
    <subfield code="o">HF 5356 .D53 2012 C.4</subfield>
    <subfield code="p">28384/2025</subfield>
    <subfield code="r">2025-08-11 16:59:21</subfield>
    <subfield code="t">4</subfield>
    <subfield code="w">2025-08-11</subfield>
    <subfield code="y">BK</subfield>
  </datafield>
  <datafield tag="952" ind1=" " ind2=" ">
    <subfield code="0">0</subfield>
    <subfield code="1">0</subfield>
    <subfield code="2">lcc</subfield>
    <subfield code="4">0</subfield>
    <subfield code="7">0</subfield>
    <subfield code="8">LGL</subfield>
    <subfield code="a">CHK</subfield>
    <subfield code="b">CHG</subfield>
    <subfield code="c">GEN</subfield>
    <subfield code="d">2025-07-01</subfield>
    <subfield code="e">Donation from Books For Africa</subfield>
    <subfield code="g">62.48</subfield>
    <subfield code="l">0</subfield>
    <subfield code="o">HF 5356 .D53 2012 C.5</subfield>
    <subfield code="p">28383/2023</subfield>
    <subfield code="r">2025-08-11 17:02:52</subfield>
    <subfield code="t">5</subfield>
    <subfield code="w">2025-08-11</subfield>
    <subfield code="y">BK</subfield>
  </datafield>
  <datafield tag="952" ind1=" " ind2=" ">
    <subfield code="0">0</subfield>
    <subfield code="1">0</subfield>
    <subfield code="2">lcc</subfield>
    <subfield code="4">0</subfield>
    <subfield code="7">0</subfield>
    <subfield code="8">LGL</subfield>
    <subfield code="a">CHK</subfield>
    <subfield code="b">PG</subfield>
    <subfield code="c">GEN</subfield>
    <subfield code="d">2025-07-01</subfield>
    <subfield code="e">Donation from Books For Africa</subfield>
    <subfield code="g">62.48</subfield>
    <subfield code="l">0</subfield>
    <subfield code="o">HF 5356 .D53 2012 C.6</subfield>
    <subfield code="p">28382/2025</subfield>
    <subfield code="r">2025-08-11 17:05:39</subfield>
    <subfield code="t">6</subfield>
    <subfield code="w">2025-08-11</subfield>
    <subfield code="y">BK</subfield>
  </datafield>
  <datafield tag="952" ind1=" " ind2=" ">
    <subfield code="0">0</subfield>
    <subfield code="1">0</subfield>
    <subfield code="2">lcc</subfield>
    <subfield code="4">0</subfield>
    <subfield code="7">0</subfield>
    <subfield code="8">LGL</subfield>
    <subfield code="a">CHK</subfield>
    <subfield code="b">CHG</subfield>
    <subfield code="c">GEN</subfield>
    <subfield code="d">2025-07-01</subfield>
    <subfield code="e">Donation from Books For Africa</subfield>
    <subfield code="g">62.48</subfield>
    <subfield code="l">0</subfield>
    <subfield code="o">HF 5356 .D53 2012 </subfield>
    <subfield code="p">28492/2025</subfield>
    <subfield code="r">2025-08-14 11:19:39</subfield>
    <subfield code="t">10</subfield>
    <subfield code="w">2025-08-14</subfield>
    <subfield code="y">BK</subfield>
  </datafield>
  <datafield tag="952" ind1=" " ind2=" ">
    <subfield code="0">0</subfield>
    <subfield code="1">0</subfield>
    <subfield code="2">lcc</subfield>
    <subfield code="4">0</subfield>
    <subfield code="7">0</subfield>
    <subfield code="8">LGL</subfield>
    <subfield code="a">EMB</subfield>
    <subfield code="b">EMB</subfield>
    <subfield code="c">GEN</subfield>
    <subfield code="d">2025-09-29</subfield>
    <subfield code="e">Donation from Books For Africa</subfield>
    <subfield code="g">62.48</subfield>
    <subfield code="l">0</subfield>
    <subfield code="o">HF 5356 .D53 2012 </subfield>
    <subfield code="p">28491/2025</subfield>
    <subfield code="r">2025-08-14 11:22:54</subfield>
    <subfield code="t">9</subfield>
    <subfield code="w">2025-09-29</subfield>
    <subfield code="y">BK</subfield>
  </datafield>
  <datafield tag="952" ind1=" " ind2=" ">
    <subfield code="0">0</subfield>
    <subfield code="1">0</subfield>
    <subfield code="2">lcc</subfield>
    <subfield code="4">0</subfield>
    <subfield code="7">0</subfield>
    <subfield code="8">LGL</subfield>
    <subfield code="a">EMB</subfield>
    <subfield code="b">EMB</subfield>
    <subfield code="c">GEN</subfield>
    <subfield code="d">2025-09-29</subfield>
    <subfield code="e">Donation from Books For Africa</subfield>
    <subfield code="g">62.48</subfield>
    <subfield code="l">0</subfield>
    <subfield code="o">HF 5356 .D53 2012 </subfield>
    <subfield code="p">28490/2025</subfield>
    <subfield code="r">2025-08-14 11:25:11</subfield>
    <subfield code="t">8</subfield>
    <subfield code="w">2025-09-29</subfield>
    <subfield code="y">BK</subfield>
  </datafield>
  <datafield tag="952" ind1=" " ind2=" ">
    <subfield code="0">0</subfield>
    <subfield code="1">0</subfield>
    <subfield code="2">lcc</subfield>
    <subfield code="4">0</subfield>
    <subfield code="7">0</subfield>
    <subfield code="8">LGL</subfield>
    <subfield code="a">CHK</subfield>
    <subfield code="b">IGB</subfield>
    <subfield code="c">GEN</subfield>
    <subfield code="d">2025-07-01</subfield>
    <subfield code="e">Donation from Books For Africa</subfield>
    <subfield code="g">62.48</subfield>
    <subfield code="l">0</subfield>
    <subfield code="o">HF 5356 .D53 2012 </subfield>
    <subfield code="p">28489/2029</subfield>
    <subfield code="r">2025-08-14 11:28:20</subfield>
    <subfield code="t">7</subfield>
    <subfield code="w">2025-08-14</subfield>
    <subfield code="y">BK</subfield>
  </datafield>
  <datafield tag="952" ind1=" " ind2=" ">
    <subfield code="0">0</subfield>
    <subfield code="1">0</subfield>
    <subfield code="2">lcc</subfield>
    <subfield code="4">0</subfield>
    <subfield code="7">0</subfield>
    <subfield code="8">LGL</subfield>
    <subfield code="a">CHK</subfield>
    <subfield code="b">IGB</subfield>
    <subfield code="c">GEN</subfield>
    <subfield code="d">2025-07-01</subfield>
    <subfield code="e">Donation from Books For Africa</subfield>
    <subfield code="g">27.69</subfield>
    <subfield code="l">0</subfield>
    <subfield code="o">HG 179 .M33 2019 </subfield>
    <subfield code="p">28561/2025</subfield>
    <subfield code="r">2025-08-14 11:37:30</subfield>
    <subfield code="t">11</subfield>
    <subfield code="w">2025-08-14</subfield>
    <subfield code="y">BK</subfield>
  </datafield>
  <datafield tag="952" ind1=" " ind2=" ">
    <subfield code="0">0</subfield>
    <subfield code="1">0</subfield>
    <subfield code="2">lcc</subfield>
    <subfield code="4">0</subfield>
    <subfield code="7">0</subfield>
    <subfield code="8">LGL</subfield>
    <subfield code="a">CHK</subfield>
    <subfield code="b">NCC</subfield>
    <subfield code="c">GEN</subfield>
    <subfield code="d">2025-07-01</subfield>
    <subfield code="e">Donation from Books For Africa</subfield>
    <subfield code="g">23.49</subfield>
    <subfield code="l">0</subfield>
    <subfield code="o">HF 5356 .D53 2012</subfield>
    <subfield code="p">28564/2025</subfield>
    <subfield code="r">2025-08-14 12:12:12</subfield>
    <subfield code="t">8</subfield>
    <subfield code="w">2025-08-14</subfield>
    <subfield code="y">BK</subfield>
  </datafield>
  <datafield tag="952" ind1=" " ind2=" ">
    <subfield code="0">0</subfield>
    <subfield code="1">0</subfield>
    <subfield code="2">lcc</subfield>
    <subfield code="4">0</subfield>
    <subfield code="7">0</subfield>
    <subfield code="8">LGL</subfield>
    <subfield code="a">CHK</subfield>
    <subfield code="b">NCC</subfield>
    <subfield code="c">GEN</subfield>
    <subfield code="d">2025-07-01</subfield>
    <subfield code="e">Donation from Books For Africa</subfield>
    <subfield code="g">23.49</subfield>
    <subfield code="l">0</subfield>
    <subfield code="o">HF 5356 .D53 2012</subfield>
    <subfield code="p">28569/2025</subfield>
    <subfield code="r">2025-08-14 12:13:32</subfield>
    <subfield code="t">9</subfield>
    <subfield code="w">2025-08-14</subfield>
    <subfield code="y">BK</subfield>
  </datafield>
  <datafield tag="952" ind1=" " ind2=" ">
    <subfield code="0">0</subfield>
    <subfield code="1">0</subfield>
    <subfield code="2">lcc</subfield>
    <subfield code="4">0</subfield>
    <subfield code="7">0</subfield>
    <subfield code="8">REF</subfield>
    <subfield code="a">CHK</subfield>
    <subfield code="b">NCC</subfield>
    <subfield code="c">GEN</subfield>
    <subfield code="d">2025-07-01</subfield>
    <subfield code="e">Donation from books for Africa</subfield>
    <subfield code="g">23.49</subfield>
    <subfield code="l">0</subfield>
    <subfield code="o">HF 5356 .D53 2012</subfield>
    <subfield code="p">28568/2025</subfield>
    <subfield code="r">2025-08-14 12:14:35</subfield>
    <subfield code="t">7</subfield>
    <subfield code="w">2025-08-14</subfield>
    <subfield code="y">BK</subfield>
  </datafield>
  <datafield tag="999" ind1=" " ind2=" ">
    <subfield code="c">20326</subfield>
    <subfield code="d">20326</subfield>
  </datafield>
</record>
